[Event "VIE-ch U20"]
[Site "Hanoi"]
[Date "2022.06.15"]
[Round "6"]
[White "Phan, Minh Trieu"]
[Black "Le, Dang Thanh An"]
[Result "1-0"]
[WhiteElo "2255"]
[BlackElo "2277"]
[PlyCount "122"]
[EventDate "2022.06.11"]
[EventType "swiss"]
[EventRounds "9"]
[EventCountry "VIE"]
[SourceTitle "EXT 2023"]
[Source "ChessBase"]
[SourceDate "2022.10.05"]
[SourceVersion "1"]
[SourceVersionDate "2022.10.05"]
[SourceQuality "1"]

1. d4 d5 2. Bf4 Nf6 3. e3 Bf5 4. c4 e6 5. Nc3 c6 6. Qb3 Qc8 7. Nf3 Be7 8. Be2 Nbd7 9. h3 0-0 10. 0-0 dxc4 11. Bxc4 b5 12. Be2 Qb7 13. Nh4 Be4 14. Nxe4 Nxe4 15. Nf3 Rfd8 16. Bd3 Ndf6 17. Rfd1 a6 18. Rac1 Rac8 19. a4 Bd6 20. Ne5 Bf8 21. Rc2 c5 22. f3 c4 23. Nxc4 Nd6 24. Nxd6 Bxd6 25. Rxc8 Qxc8 26. Bxd6 Rxd6 27. axb5 axb5 28. Qxb5 Rd5 29. Qa6 Qc7 30. Qc4 Qb6 31. Rc1 g6 32. b4 Kg7 33. b5 Rg5 34. Qc7 Rxb5 35. Bxb5 Qxb5 36. Rc5 Qb1+ 37. Kh2 Nh5 38. Qe5+ Kh6 39. Rc7 f6 40. Qxe6 Qe1 41. Qd6 Qxe3 42. Qf8+ Kg5 43. Qc5+ Kh4 44. d5 Qe5+ 45. f4 Qxf4+ 46. Kg1 Ng3 47. Qc4 Ne4 48. Qe2 h5 49. Rc4 f5 50. Qe1+ Kg5 51. Qc1 Qxc1+ 52. Rxc1 Kf6 53. Rc6+ Kf7 54. Kf1 g5 55. Ke2 Nf6 56. Rc7+ Ke8 57. d6 Ne4 58. Re7+ Kd8 59. Rxe4 fxe4 60. Ke3 Kd7 61. Kxe4 Ke6 1-0

[Event "VIE-ch U20"]
[Site "Hanoi"]
[Date "2022.06.13"]
[Round "4"]
[White "Nguyen, Lam Thien"]
[Black "Phan, Minh Trieu"]
[Result "1-0"]
[WhiteElo "2258"]
[BlackElo "2255"]
[PlyCount "46"]
[EventDate "2022.06.11"]
[EventType "swiss"]
[EventRounds "9"]
[EventCountry "VIE"]
[SourceTitle "EXT 2023"]
[Source "ChessBase"]
[SourceDate "2022.10.05"]
[SourceVersion "1"]
[SourceVersionDate "2022.10.05"]
[SourceQuality "1"]

1. e4 e6 2. d4 d5 3. e5 c5 4. c3 Nc6 5. Nf3 Qb6 6. Bd3 cxd4 7. 0-0 Nge7 8. Re1 Ng6 9. h4 Bc5 10. b4 Be7 11. b5 Na5 12. h5 Nf8 13. cxd4 h6 14. Nc3 Nd7 15. Bf4 Qd8 16. Qa4 b6 17. Rac1 Bb7 18. Nd1 Rc8 19. Ne3 Bg5 20. Rxc8 Qxc8 21. Bxg5 hxg5 22. Ng4 Qc3 23. Rd1 Rxh5 1-0

[Event "Eastern Asia-ch U18"]
[Site "Tornelo INT"]
[Date "2021.10.30"]
[Round "5"]
[White "Ganerdene, Sugar"]
[Black "Phan, Minh Trieu"]
[Result "1-0"]
[WhiteElo "2109"]
[BlackElo "1565"]
[PlyCount "99"]
[EventDate "2021.10.29"]
[EventType "swiss"]
[EventRounds "9"]
[EventCountry "NET"]
[SourceTitle "CBM 205 Extra"]
[Source "ChessBase"]
[SourceDate "2022.01.31"]
[SourceVersion "1"]
[SourceVersionDate "2022.01.31"]
[SourceQuality "1"]

1. e4 e6 2. d4 d5 3. Nc3 Bb4 4. exd5 exd5 5. Bd3 Nf6 6. Nge2 0-0 7. 0-0 h6 8. a3 Bxc3 9. Nxc3 Nc6 10. Ne2 Ne4 11. c4 Nf6 12. Bf4 Be6 13. c5 Nh5 14. Be3 f5 15. Bd2 Qf6 16. Bb5 f4 17. Bxc6 bxc6 18. f3 g5 19. Ba5 Qf7 20. Nc1 Bf5 21. Na2 Rac8 22. Nb4 Qg6 23. Qa4 Rf6 24. Rae1 g4 25. fxg4 Bxg4 26. Rf2 Kh8 27. Na6 Rg8 28. Bxc7 Bf3 29. Qc2 Be4 30. Qd2 Rf5 31. Be5+ Kh7 32. Ree2 Rg5 33. Bxf4 Nxf4 34. Qxf4 Rxg2+ 35. Rxg2 Bxg2 36. Re7+ Rg7 37. Rxg7+ Qxg7 38. Qc7 Bh3+ 39. Qxg7+ Kxg7 40. Nb8 Kf6 41. Nxc6 Kf5 42. Kf2 Ke4 43. Nxa7 Kxd4 44. c6 Kd3 45. c7 Kc2 46. c8Q+ Bxc8 47. Nxc8 d4 48. Nd6 d3 49. Ne4 Kxb2 50. a4 1-0

[Event "VIE-ch op"]
[Site "Hanoi"]
[Date "2020.11.27"]
[Round "7"]
[White "Pham, Xuan Dat"]
[Black "Phan, Minh Trieu"]
[Result "1-0"]
[WhiteElo "2336"]
[BlackElo "2314"]
[PlyCount "73"]
[EventDate "2020.11.23"]
[EventType "swiss"]
[EventRounds "9"]
[EventCountry "VIE"]
[SourceTitle "CBM 199 Extra"]
[Source "ChessBase"]
[SourceDate "2021.01.31"]
[SourceVersion "1"]
[SourceVersionDate "2021.01.31"]
[SourceQuality "1"]

1. d4 d5 2. c4 e6 3. Nc3 Nf6 4. cxd5 exd5 5. Bg5 Be7 6. e3 c6 7. Bd3 0-0 8. Qc2 h6 9. Bh4 Re8 10. Nge2 Ne4 11. Bxe7 Qxe7 12. Bxe4 dxe4 13. 0-0 Nd7 14. Rfd1 Nf6 15. d5 Bg4 16. dxc6 bxc6 17. Rd4 c5 18. Rc4 Be6 19. Ra4 Bd7 20. Ra3 Qe5 21. Rc1 Rab8 22. Rxa7 h5 23. h3 Rb6 24. b3 Qb8 25. Ra5 Re5 26. Ng3 h4 27. Nge2 g5 28. Kh1 Qc8 29. Ng1 Nh5 30. Nxe4 Bf5 31. Rxc5 Qb8 32. Qc3 Rb5 33. Rxb5 Qxb5 34. Nxg5 Bd3 35. a4 Qd7 36. Qxe5 f6 37. Qe6+ 1-0

[Event "VIE-ch op"]
[Site "Hanoi"]
[Date "2020.11.25"]
[Round "5"]
[White "Nguyen, Hoang Nam"]
[Black "Phan, Minh Trieu"]
[Result "1-0"]
[WhiteElo "2333"]
[BlackElo "2314"]
[PlyCount "51"]
[EventDate "2020.11.23"]
[EventType "swiss"]
[EventRounds "9"]
[EventCountry "VIE"]
[SourceTitle "CBM 199 Extra"]
[Source "ChessBase"]
[SourceDate "2021.01.31"]
[SourceVersion "1"]
[SourceVersionDate "2021.01.31"]
[SourceQuality "1"]

1. e4 e6 2. d3 d5 3. Nd2 c5 4. Ngf3 Ne7 5. g3 g6 6. Bg2 Bg7 7. h4 h6 8. 0-0 Nbc6 9. Re1 0-0 10. e5 Qc7 11. Nf1 Kh7 12. Bf4 Qb6 13. Qc1 Nf5 14. N1h2 Ncd4 15. Nd2 f6 16. Ng4 fxe5 17. Bxe5 Bxe5 18. Nxe5 c4 19. c3 Nc6 20. d4 Nxe5 21. Rxe5 Bd7 22. Qc2 Nd6 23. h5 Rf6 24. hxg6+ Rxg6 25. Bxd5 Nf7 26. Nxc4 1-0

[Event "VIE-chT"]
[Site "Ho Chi Minh City"]
[Date "2019.10.02"]
[Round "9.36"]
[White "Le, Minh Kha"]
[Black "Phan, Minh Trieu"]
[Result "0-1"]
[WhiteElo "1905"]
[BlackElo "1892"]
[PlyCount "78"]
[EventDate "2019.09.26"]
[EventType "team-swiss"]
[EventRounds "9"]
[EventCountry "VIE"]
[SourceTitle "EXT 2020"]
[Source "ChessBase"]
[SourceDate "2019.10.17"]
[SourceVersion "1"]
[SourceVersionDate "2019.10.17"]
[SourceQuality "1"]

1. e4 e6 2. d4 d5 3. e5 c5 4. c3 Nc6 5. Nf3 Nge7 6. Be3 Nf5 7. Bd3 cxd4 8. cxd4 Be7 9. 0-0 0-0 10. Nc3 a6 11. Rc1 Nb4 12. Bb1 Nxe3 13. fxe3 g6 14. a3 Nc6 15. e4 Bg5 16. Nxg5 Qxg5 17. exd5 Qe3+ 18. Kh1 exd5 19. Nxd5 Qxd4 20. Ne7+ Kg7 21. Nxc6 Qxd1 22. Rfxd1 bxc6 23. Rxc6 Rb8 24. b4 Re8 25. Re1 Bb7 26. Rc7 Bd5 27. Bd3 a5 28. Rc5 Rbd8 29. Rxa5 Bxg2+ 30. Kxg2 Rxd3 31. a4 Rd2+ 32. Kg3 Rb2 33. b5 Rc8 34. Re3 Rcc2 35. h3 Rf2 36. Ra7 h5 37. e6 h4+ 38. Kxh4 Rg2 39. Rxf7+ Kh6 0-1

[Event "VIE-chT"]
[Site "Ho Chi Minh City"]
[Date "2019.09.29"]
[Round "5.32"]
[White "Vo, Huynh Thien"]
[Black "Phan, Minh Trieu"]
[Result "1-0"]
[WhiteElo "1627"]
[BlackElo "1892"]
[PlyCount "79"]
[EventDate "2019.09.26"]
[EventType "team-swiss"]
[EventRounds "9"]
[EventCountry "VIE"]
[SourceTitle "EXT 2020"]
[Source "ChessBase"]
[SourceDate "2019.10.17"]
[SourceVersion "1"]
[SourceVersionDate "2019.10.17"]
[SourceQuality "1"]

1. e4 e6 2. d3 d5 3. Nd2 Bc5 4. Ngf3 Nf6 5. e5 Ng4 6. d4 Bb6 7. c3 c5 8. dxc5 Nxf2 9. Kxf2 Bxc5+ 10. Ke1 0-0 11. Nb3 Be7 12. Be3 f6 13. Qd2 fxe5 14. Nxe5 Nc6 15. Nxc6 bxc6 16. Bd3 e5 17. Rf1 e4 18. Rxf8+ Bxf8 19. Bf1 a5 20. Kf2 Bd6 21. Kg1 Qc7 22. g3 Bg4 23. Bg2 Rf8 24. Rf1 Rxf1+ 25. Kxf1 Qf7+ 26. Qf2 Qh5 27. Kg1 Bd7 28. Qd2 Qg4 29. Nc5 Be8 30. Nxe4 Be7 31. Nf2 Qe6 32. Bd4 h6 33. Qe3 Qf7 34. Bh3 Qf8 35. Qe6+ Bf7 36. Qxc6 Kh7 37. Bf5+ g6 38. Be6 Be8 39. Qxd5 h5 40. Qe5 1-0

[Event "VIE-chT"]
[Site "Ho Chi Minh City"]
[Date "2019.09.27"]
[Round "3.30"]
[White "An, Dinh Minh"]
[Black "Phan, Minh Trieu"]
[Result "1-0"]
[WhiteElo "1655"]
[BlackElo "1892"]
[PlyCount "63"]
[EventDate "2019.09.26"]
[EventType "team-swiss"]
[EventRounds "9"]
[EventCountry "VIE"]
[SourceTitle "EXT 2020"]
[Source "ChessBase"]
[SourceDate "2019.10.17"]
[SourceVersion "1"]
[SourceVersionDate "2019.10.17"]
[SourceQuality "1"]

1. e4 d5 2. exd5 Nf6 3. Nf3 Nxd5 4. d4 g6 5. Be2 Bg7 6. 0-0 0-0 7. h3 b6 8. c4 Nf6 9. Nc3 Bb7 10. Be3 Nbd7 11. Qc2 e6 12. Rad1 Qe7 13. Rd2 c5 14. Rfd1 cxd4 15. Nxd4 a6 16. Bf3 Bxf3 17. Nxf3 Ra7 18. Rd6 Rb7 19. Rc6 Nb8 20. Rxb6 Rxb6 21. Bxb6 Qb7 22. Be3 Nc6 23. b3 Nb4 24. Qd2 Nc6 25. Bg5 Rd8 26. Qxd8+ Nxd8 27. Rxd8+ Bf8 28. Bxf6 Qb4 29. Ne5 Qxc3 30. Rxf8+ Kxf8 31. Nxg6+ hxg6 32. Bxc3 1-0

[Event "VIE-chT"]
[Site "Ho Chi Minh City"]
[Date "2019.09.26"]
[Round "1.44"]
[White "Phan, Luong"]
[Black "Phan, Minh Trieu"]
[Result "1-0"]
[WhiteElo "1793"]
[BlackElo "1892"]
[PlyCount "59"]
[EventDate "2019.09.26"]
[EventType "team-swiss"]
[EventRounds "9"]
[EventCountry "VIE"]
[SourceTitle "EXT 2020"]
[Source "ChessBase"]
[SourceDate "2019.10.17"]
[SourceVersion "1"]
[SourceVersionDate "2019.10.17"]
[SourceQuality "1"]

1. e4 d5 2. e5 c5 3. c3 Nc6 4. d4 cxd4 5. cxd4 Qb6 6. Ne2 Bg4 7. f3 Bf5 8. a3 f6 9. exf6 exf6 10. Nbc3 Bd6 11. Nxd5 Qa5+ 12. Ndc3 0-0-0 13. Be3 Nge7 14. b4 Qc7 15. Rc1 Qd7 16. b5 Na5 17. Ne4+ Bc7 18. Nc5 Qe8 19. g4 Nd5 20. Bd2 Kb8 21. gxf5 Qh5 22. Bg2 Qxf5 23. 0-0 Rhe8 24. Ng3 Qg6 25. f4 f5 26. Qa4 Nc4 27. Qxc4 Bb6 28. Bxd5 h5 29. Bf7 Qf6 30. Bxe8 1-0

[Event "VIE-ch U15"]
[Site "Hai Phong"]
[Date "2018.07.13"]
[Round "9"]
[White "Phan, Minh Trieu"]
[Black "Mai, Van Nghia"]
[Result "0-1"]
[WhiteElo "1807"]
[BlackElo "1800"]
[PlyCount "90"]
[EventDate "2018.07.07"]
[EventType "swiss"]
[EventRounds "9"]
[EventCountry "VIE"]
[SourceTitle "EXT 2019"]
[Source "ChessBase"]
[SourceDate "2018.10.10"]
[SourceVersion "1"]
[SourceVersionDate "2018.10.10"]
[SourceQuality "1"]

1. e4 c5 2. Nf3 d6 3. d4 cxd4 4. Nxd4 Nf6 5. Nc3 g6 6. f3 Bg7 7. Be3 0-0 8. Qd2 Nc6 9. 0-0-0 Nxd4 10. Bxd4 Be6 11. h4 Qa5 12. h5 Rfc8 13. Bd3 Bxa2 14. hxg6 hxg6 15. g4 Be6 16. g5 Nh5 17. Bxg7 Kxg7 18. f4 Rxc3 19. Qxc3+ Qxc3 20. bxc3 Nxf4 21. Rh4 Nh3 22. Rh1 Nxg5 23. Kb2 Rc8 24. Ra1 a6 25. Rf4 Rc5 26. Ra4 Nh3 27. Rf3 g5 28. Rb4 b5 29. c4 g4 30. Rg3 bxc4 31. Be2 Nf2 32. Rg2 Nxe4 33. Bxc4 Rxc4 34. Rxc4 Bxc4 35. Rxg4+ Kf6 36. Rxe4 d5 37. Rf4+ Ke6 38. Kc3 f5 39. Kd4 Kf6 40. Rh4 e5+ 41. Ke3 f4+ 42. Kf3 Kg5 43. Rh8 e4+ 44. Kf2 Kf5 45. c3 Ke6 0-1

[Event "VIE-ch U15"]
[Site "Hai Phong"]
[Date "2018.07.07"]
[Round "2"]
[White "Dao, Xuan Thuy"]
[Black "Phan, Minh Trieu"]
[Result "0-1"]
[WhiteElo "1786"]
[BlackElo "1807"]
[PlyCount "106"]
[EventDate "2018.07.07"]
[EventType "swiss"]
[EventRounds "9"]
[EventCountry "VIE"]
[SourceTitle "EXT 2019"]
[Source "ChessBase"]
[SourceDate "2018.10.10"]
[SourceVersion "1"]
[SourceVersionDate "2018.10.10"]
[SourceQuality "1"]

1. e4 d5 2. exd5 Nf6 3. Nc3 Nxd5 4. Bc4 Nxc3 5. bxc3 g6 6. Nf3 Bg7 7. 0-0 0-0 8. Ba3 Bf5 9. d4 c6 10. Rb1 b5 11. Bd3 Be6 12. Rb2 Nd7 13. Ng5 Bd5 14. Be4 Nb6 15. Bxd5 Qxd5 16. Qg4 Nc4 17. Rb3 Nd2 18. Re1 Nxb3 19. cxb3 Rfe8 20. h4 e5 21. Rd1 exd4 22. cxd4 h6 23. Nf3 Qe4 24. Qd7 a5 25. Re1 Qxe1+ 26. Nxe1 Rxe1+ 27. Kh2 b4 28. Qxc6 Rae8 29. Bc1 R8e4 30. Be3 Rxh4+ 31. Kg3 Rh5 32. Qe8+ Bf8 33. Qa8 Kg7 34. Bf4 Be7 35. Be5+ Bf6 36. Bxf6+ Kxf6 37. Qh8+ Ke7 38. Qa8 Rd1 39. Qb7+ Kf8 40. Qa7 Rf5 41. Kh3 Kg7 42. Qd7 Rxf2 43. Qc7 Rf5 44. Qd6 Rg5 45. g3 Rd3 46. Kh2 Rdxg3 47. Qe7 Rg2+ 48. Kh3 Rg1 49. Kh2 R5g2+ 50. Kh3 Rg3+ 51. Kh2 R1g2+ 52. Kh1 Rg5 53. d5 R2g4 0-1